Critical Perspectives On Language ,Literature And Communication (Record no. 3238)
[ view plain ]
| 000 -LEADER | |
|---|---|
| fixed length control field | 00361nam a2200121 4500 |
| 008 - FIXED-LENGTH DATA ELEMENTS--GENERAL INFORMATION | |
| fixed length control field | 250428b |||||||| |||| 00| 0 eng d |
| 020 ## - INTERNATIONAL STANDARD BOOK NUMBER | |
| ISBN | 9781361824 |
| 100 ## - MAIN ENTRY--AUTHOR | |
| Author | Babalola Taiwo Emmanuel |
| 245 ## - TITLE STATEMENT | |
| Title | Critical Perspectives On Language ,Literature And Communication |
| 260 ## - PUBLICATION, DISTRIBUTION, ETC. (IMPRINT) | |
| Place of publication | Nigeria |
| Name of publisher | Obafemi Awololwo University |
| Date of publication | 2012 |
| 942 ## - ADDED ENTRY ELEMENTS (KOHA) | |
| Item type | Books |
| 050 ## - LIBRARY OF CONGRESS CALL NUMBER | |
| Classification number | PN 45 |
| Item number | .C75 |
| Source of classification or shelving scheme | Not for loan | Permanent location | Current location | Date acquired | Accession No. | Full call number | Barcode. | Koha item type |
|---|---|---|---|---|---|---|---|---|
| Dewey Decimal Classification | Samuel Ogbemudia Main Library, University of Abuja | Samuel Ogbemudia Main Library, University of Abuja | 04/28/2025 | 2012/43264 | PN 45.C75 | 2025-1689 | Books |